000 00404nam a2200157Ia 4500
008 221030s9999 xx 000 0 und d
020 _a007044742X
041 _aEnglish
082 _a105.23
_bShe
100 _aT. Sheldon
245 0 _aMcGraw-Hill Encyclopedia Of Networking & Telecommunications
_cby T. Sheldon
260 _bTMH
_aNew Delhi
_c2001
300 _a1447
650 _aGeneral
942 _cBK
999 _c8303
_d8303